Biggest Cities by Continent - Statistics

General Stats
  • This quiz has been taken 37 times
    23 since last reset
  • The average score is 43 of 60
Answer Stats
Population City (Africa) % Correct
21.8M New York City
100%
21.3M Lagos
95%
15.1M London
95%
25.4M Mexico City
95%
27.6M Mumbai
95%
41.6M Shanghai
95%
5.1M Sydney
95%
22.8M Cairo
91%
9.6M Chicago
91%
16M Istanbul
91%
29.5M Jakarta
91%
17.1M Los Angeles
91%
6.7M Madrid
91%
18.8M Moscow
91%
11.5M Paris
91%
13.6M Rio de Janeiro
91%
22.6M Sao Paulo
91%
10.6M Bogota
86%
16.8M Buenos Aires
86%
12M Lima
86%
5.2M Melbourne
86%
8.4M Santiago
86%
41.2M Tokyo
86%
1.4M Auckland
82%
35.7M Delhi
82%
2.4M Perth
82%
4.9M Barcelona
77%
2.7M Brisbane
77%
72.7M Guangzhou
77%
16.3M Kinshasa
77%
27.8M Manila
77%
7.8M Toronto
77%
0.51M Canberra
73%
7.8M Dallas
73%
6.3M Saint Petersburg
73%
25.2M Seoul
73%
1.4M Adelaide
68%
21.8M Bangkok
68%
3.8M Brasilia
68%
23.1M Dhaka
68%
14.8M Johannesburg
68%
7.5M San Francisco
68%
8.7M Washington DC
68%
6.9M Nairobi
64%
5.3M Belo Horizonte
59%
7.7M Boston
59%
9.7M Luanda
59%
6.1M Milan
59%
7.5M Philadelphia
59%
6.7M Dar es Salaam
55%
10.9M Rhein-Ruhr
55%
6.8M Accra
45%
7.2M Khartoum
45%
6.1M Manchester-Liverpool
45%
7.1M Abidjan
41%
0.75M Gold Coast
41%
4M Porto Alegre
23%
4.1M Recife
23%
0.53M Newcastle
18%
0.42M Sunshine Coast
5%
No matching quizzes found
Score Distribution
Percent of People with Each Score
Percentile by Number Answered
Your Score History
You have not taken this quiz since the last reset